[Event "Madrid-ch Previa A"]
[Site "Madrid ESP"]
[Date "2014.02.19"]
[Round "9.16"]
[White "Lucia Carpintero, Oscar"]
[Black "Diaz Begonte, Manuel"]
[Result "1-0"]
[WhiteElo "1665"]
[BlackElo "1783"]
[PlyCount "79"]
[EventDate "2014.02.03"]
[EventType "swiss"]
[EventRounds "9"]
[EventCountry "ESP"]
[Source "lmi"]
[SourceDate "2014.02.03"]

1. d4 d5 2. Nf3 Nf6 3. Bf4 e6 4. e3 Ne4 5. Bd3 g5 6. Bg3 h5 7. h3 Nxg3 8. fxg3
Bd6 9. Ne5 Bxe5 10. dxe5 Nc6 11. Bb5 Bd7 12. Bxc6 Bxc6 13. Qd4 Qe7 14. a4 a6
15. Nc3 b6 16. b4 Bd7 17. O-O c5 18. bxc5 Qxc5 19. Rab1 Rc8 20. Rb3 Ke7 21. Qd3
Rc7 22. Kh2 h4 23. g4 Qc4 24. Qd1 b5 25. Qf3 f5 26. gxf5 exf5 27. Nxd5+ Kd8 28.
Nxc7 Kxc7 29. axb5 axb5 30. Ra3 Qc5 31. Rfa1 Qxe5+ 32. Kg1 Bc6 33. Ra7+ Kd6 34.
R1a6 Rc8 35. Ra8 Rc7 36. Rd8+ Ke7 37. Qd1 Qxe3+ 38. Kh1 Rd7 39. Rxd7+ Bxd7 40.
Qd6+ 1-0

[Event "Madrid-ch Previa A"]
[Site "Madrid ESP"]
[Date "2014.02.19"]
[Round "9.17"]
[White "De La Fuente Ebro, Miguel Angel"]
[Black "Ramos Antona, Enrique"]
[Result "1/2-1/2"]
[WhiteElo "1772"]
[BlackElo "1643"]
[PlyCount "75"]
[EventDate "2014.02.03"]
[EventType "swiss"]
[EventRounds "9"]
[EventCountry "ESP"]
[Source "lmi"]
[SourceDate "2014.02.03"]

1. d4 d5 2. c4 c6 3. e3 Nf6 4. Nc3 e6 5. Nf3 Nbd7 6. Bd3 dxc4 7. Bxc4 b5 8. Bd3
Bd6 9. O-O O-O 10. Qc2 Bb7 11. Bd2 Rc8 12. Rac1 h6 13. a3 a6 14. b4 a5 15. Ne4
Nxe4 16. Bxe4 Nf6 17. Bd3 Nd5 18. Qb3 axb4 19. axb4 Qe7 20. Rb1 Kh8 21. Ne5 Qc7
22. f4 Ne7 23. Rbc1 Bxe5 24. fxe5 Qd7 25. Rc5 Nf5 26. Bxf5 exf5 27. Qd3 g6 28.
Bc3 Kh7 29. Rf3 Qe6 30. e4 fxe4 31. Qxe4 f5 32. Qd3 Rcd8 33. Rh3 Rd5 34. Qd2 f4
35. Rf3 Rf5 36. Qd3 Bc8 37. Bd2 g5 38. g3 1/2-1/2

[Event "Madrid-ch Previa A"]
[Site "Madrid ESP"]
[Date "2014.02.19"]
[Round "9.19"]
[White "Dominguez Afonso, Ayraldo"]
[Black "Martinez Miura, Enrique"]
[Result "1-0"]
[WhiteElo "1508"]
[BlackElo "1712"]
[PlyCount "125"]
[EventDate "2014.02.03"]
[EventType "swiss"]
[EventRounds "9"]
[EventCountry "ESP"]
[Source "lmi"]
[SourceDate "2014.02.03"]

1. e4 e6 2. d4 d5 3. e5 c5 4. c3 cxd4 5. cxd4 Nc6 6. Nf3 h6 7. Nc3 a6 8. Bd3
Nge7 9. a3 Bd7 10. O-O g6 11. Be3 Nf5 12. Bc2 Nxe3 13. fxe3 Bg7 14. e4 Ne7 15.
exd5 Nxd5 16. Nxd5 exd5 17. Rc1 O-O 18. Bb3 Bb5 19. Rf2 h5 20. Ba4 Bh6 21. Rc3
Qd7 22. Bxb5 Qxb5 23. Rc5 Qd7 24. Qb3 Rfd8 25. Rfc2 Rac8 26. Rxc8 Rxc8 27.
Rxc8+ Qxc8 28. Qc3 Qxc3 29. bxc3 Bc1 30. a4 Bb2 31. Kf2 Bxc3 32. Ke2 b5 33.
axb5 axb5 34. Kd3 b4 35. Ng1 Kf8 36. Ne2 Be1 37. Nf4 Ke7 38. Nxd5+ Ke6 39. Nf4+
Kd7 40. Kc4 Bd2 41. Nd3 h4 42. h3 Ke7 43. Nxb4 Ke6 44. Nd3 Bh6 45. Ne1 Bf4 46.
Nf3 Bg3 47. Ng5+ Ke7 48. Kd5 Bf4 49. Nf3 g5 50. Ke4 Bc1 51. Kf5 Be3 52. d5 Bf4
53. Nxg5 Bxe5 54. Kxe5 f6+ 55. Kf5 fxg5 56. Kxg5 Kd6 57. Kxh4 Kxd5 58. g4 Ke6
59. Kg5 Kf7 60. Kh6 Kg8 61. g5 Kh8 62. g6 Kg8 63. g7 1-0

[Event "Madrid-ch Previa A"]
[Site "Madrid ESP"]
[Date "2014.02.19"]
[Round "9.24"]
[White "Enriquez Pastor, Jorge"]
[Black "Martin Rodriguez, Jose Luis"]
[Result "1/2-1/2"]
[WhiteElo "1413"]
[BlackElo "1385"]
[PlyCount "91"]
[EventDate "2014.02.03"]
[EventType "swiss"]
[EventRounds "9"]
[EventCountry "ESP"]
[Source "lmi"]
[SourceDate "2014.02.03"]

1. e4 e6 2. d4 d5 3. exd5 exd5 4. Nf3 Bd6 5. Bd3 Ne7 6. O-O Bg4 7. Bb5+ c6 8.
Bd3 Nd7 9. Re1 Qc7 10. h3 Bxf3 11. Qxf3 Nf6 12. c3 O-O-O 13. Nd2 Kb8 14. Nf1
Rde8 15. Bd2 Ng6 16. Rxe8+ Rxe8 17. Re1 Rxe1 18. Bxe1 Qe7 19. Qe3 Bf4 20. Qxe7
Nxe7 21. Ne3 Ne4 22. Ng4 f6 23. f3 Ng5 24. Kf2 Kc7 25. Ne3 g6 26. Ke2 Kd6 27.
b3 Ke6 28. c4 Bc7 29. c5 Kd7 30. a4 Ne6 31. Bc3 Nf4+ 32. Kd2 Nxd3 33. Kxd3 Ke6
34. Ke2 Nf5 35. b4 Bf4 36. Nxf5 Kxf5 37. b5 Kg5 38. Be1 Bc7 39. Kd3 Kf4 40.
bxc6 bxc6 41. a5 a6 42. Bh4 f5 43. Be1 Bb8 44. Ke2 Bc7 45. Kd3 Bb8 46. Ke2
1/2-1/2

[Event "Madrid-ch Previa A"]
[Site "Madrid ESP"]
[Date "2014.02.19"]
[Round "9.25"]
[White "De Villanueva Dominguez, Julio"]
[Black "Salgado Duarte, Pablo"]
[Result "0-1"]
[WhiteElo "1332"]
[BlackElo "1554"]
[PlyCount "132"]
[EventDate "2014.02.03"]
[EventType "swiss"]
[EventRounds "9"]
[EventCountry "ESP"]
[Source "lmi"]
[SourceDate "2014.02.03"]

1. c4 e5 2. Nc3 Nf6 3. d3 h6 4. Nf3 Nc6 5. g3 Bc5 6. Bg2 d6 7. O-O O-O 8. Be3
Bxe3 9. fxe3 Ng4 10. Qd2 Nf6 11. d4 e4 12. Ne1 Re8 13. a3 Na5 14. Nxe4 Nb3 15.
Nxf6+ gxf6 16. Qd1 Nxa1 17. Qxa1 Rxe3 18. Bf3 c6 19. Qc1 Re8 20. Qxh6 Qe7 21.
Nd3 Qe3+ 22. Qxe3 Rxe3 23. Kf2 Re8 24. Kg1 Kg7 25. e4 a6 26. Re1 Be6 27. b3 a5
28. Kf2 a4 29. d5 Bd7 30. b4 f5 31. c5 fxe4 32. Bxe4 f5 33. dxc6 bxc6 34. Bf3
Rxe1 35. Kxe1 Re8+ 36. Kf2 d5 37. b5 cxb5 38. Bxd5 Rc8 39. Kf3 Bc6 40. Bxc6
Rxc6 41. g4 Kf6 42. h4 fxg4+ 43. Kxg4 Rc8 44. h5 Rd8 45. Nb4 Rd4+ 46. Kh3 Kg5
47. c6 Rc4 48. Kg3 Kxh5 49. Kf3 Kg6 50. Ke3 Kf7 51. Kd3 Ke6 52. Kd2 Kd6 53. Kd3
Rh4 54. Kc3 Rh3+ 55. Kb2 Rh4 56. Kc3 Rc4+ 57. Kb2 Ke5 58. Ka2 Ke4 59. Kb1 Ke3
60. c7 Ke2 61. Nd5 Rc5 62. Kb2 Kd3 63. Kb1 Kd4 64. Nf4 Ke4 65. Ne6 Rc4 66. Kb2
Ke5 0-1

[Event "Madrid-ch Previa A"]
[Site "Madrid ESP"]
[Date "2014.02.19"]
[Round "9.26"]
[White "Benito Mellado, Humberto"]
[Black "Buergo Villanueva, Fernando"]
[Result "1-0"]
[WhiteElo "1522"]
[BlackElo "1321"]
[PlyCount "97"]
[EventDate "2014.02.03"]
[EventType "swiss"]
[EventRounds "9"]
[EventCountry "ESP"]
[Source "lmi"]
[SourceDate "2014.02.03"]

1. d4 d5 2. c4 e6 3. Nc3 Bb4 4. a3 Bxc3+ 5. bxc3 dxc4 6. e4 Nf6 7. e5 Nd5 8.
Qc2 b5 9. g3 Nc6 10. Bg2 Na5 11. Rb1 c6 12. Ne2 O-O 13. O-O Nb3 14. f4 Nxc1 15.
Qxc1 Qa5 16. Bh3 Bd7 17. Rf3 Rab8 18. g4 f6 19. f5 fxe5 20. dxe5 c5 21. Ng3 b4
22. axb4 cxb4 23. cxb4 Rxb4 24. Rxb4 Qxb4 25. Nh5 c3 26. Nxg7 Qd4+ 27. Kh1 Qxe5
28. Nh5 Ba4 29. Qg5+ Kf7 30. fxe6+ Ke8 31. Qxe5 Rxf3 32. Qb8+ Ke7 33. Qb7+ Kxe6
34. Ng7+ Ke5 35. Qb8+ Ke4 36. Qb1+ c2 37. Qe1+ Kd4 38. Ne6+ Kc4 39. Bf1+ Kb3
40. Nc5+ Kb2 41. Nxa4+ Kb3 42. Nc5+ Kb2 43. Na4+ Kb3 44. Bg2 Re3 45. Qc1 Kxa4
46. Qxc2+ Kb5 47. Bxd5 Kb4 48. Qc4+ Ka3 49. Qc5+ 1-0